| 000 | 00373nam a2200145Ia 4500 | ||
|---|---|---|---|
| 008 | 220217s9999||||xx |||||||||||||| ||und|| | ||
| 020 | _a0-13-919994-2 | ||
| 082 | _a004.165 MIL | ||
| 100 |
_aMiller, Gene, H _92938 |
||
| 245 | 0 | _aMicrocomputer engineering | |
| 250 | _a2nd | ||
| 260 |
_aPrentice hall _bCanda _c1999 |
||
| 300 | _b2008 | ||
| 650 | _aCOMPUTER SCIENCE | ||
| 999 |
_c170337 _d170337 |
||